Моделирование процессов плазменной утилизации и иммобилизации отходов переработки отработавшего ядерного топлива; Энергетика: Эффективность, надежность, безопасность

Opis bibliograficzny
Parent link:Энергетика: Эффективность, надежность, безопасность.— 2012.— [С. 253-256]
1. autor: Каренгин А. Г. Александр Григорьевич
Kolejni autorzy: Шахматова О. Д.
Streszczenie:Заглавие с титульного листа
Język:rosyjski
Wydane: 2012
Seria:Проблемы ядерной энергетики
Hasła przedmiotowe:
Dostęp online:http://www.lib.tpu.ru/fulltext/c/2012/C15/098.pdf
Format: MixedMaterials Elektroniczne Rozdział
KOHA link:https://koha.lib.tpu.ru/cgi-bin/koha/opac-detail.pl?biblionumber=233550

MARC

LEADER 00000naa2a2200000 4500
001 233550
005 20251218094053.0
035 |a (RuTPU)RU\TPU\book\254628 
035 |a RU\TPU\book\254621 
090 |a 233550 
100 |a 20130305d2012 k||y0rusy50 ca 
101 0 |a rus 
102 |a RU 
135 |a drcn ---uucaa 
181 0 |a i  
182 0 |a b 
200 1 |a Моделирование процессов плазменной утилизации и иммобилизации отходов переработки отработавшего ядерного топлива  |f А. Г. Каренгин, О. Д. Шахматова 
203 |a Текст  |c электронный 
215 |a 1 файл (392 Кб) 
225 1 |a Проблемы ядерной энергетики 
300 |a Заглавие с титульного листа 
320 |a [Библиогр.: с. 256 (3 назв.)] 
337 |a Adobe Reader 
463 1 |0 (RuTPU)RU\TPU\book\254143  |t Энергетика: Эффективность, надежность, безопасность  |o материалы XVIII Всероссийской научно-технической конференции, 5-7 декабря 2012 г., Томск  |f Национальный исследовательский Томский политехнический университет (ТПУ) ; ред. кол. В. В. Литвак [и др.]  |v [С. 253-256]  |d 2012 
610 1 |a труды учёных ТПУ 
610 1 |a электронный ресурс 
610 1 |a моделирование процесса 
610 1 |a плазменная утилизация 
610 1 |a иммобилизация 
610 1 |a отходы 
610 1 |a отработанное ядерное топливо 
700 1 |a Каренгин  |b А. Г.  |c физик  |c доцент Томского политехнического университета, кандидат физико-математических наук  |f 1950-  |g Александр Григорьевич  |3 (RuTPU)RU\TPU\pers\24286  |9 10751 
701 1 |a Шахматова  |b О. Д. 
801 1 |a RU  |b 63413507  |c 20120830 
801 2 |a RU  |b 63413507  |c 20140303  |g RCR 
856 4 |u http://www.lib.tpu.ru/fulltext/c/2012/C15/098.pdf 
942 |c CF